00522nam a2200169Ia 4500008004100000082001600041100002100057245003700078250000800115260005000123300001100173500002400184650001400208942000700222952010600229999001700335230524s9999 xx 000 0 und d a658.43bGUP aR.B.Gupta931122 0aMaterial Science and Engineering a4TH aNEW DELHIbSatya Prakashan (Tech India)c2009 aXX;159 aQuantity Number: 1 aChemistry cBK 00104070aTATCLbTATCLcGENd2023-05-24l0o658.43 GUPp32583r2023-05-24w2023-05-24yBKzBSCC2203 c44275d44275